[Event "ODJM B 2023"]
[Site "Willingen GER"]
[Date "2023.06.02"]
[Round "8"]
[White "Andresen, Eric"]
[Black "Stülcken, Philipp"]
[Result "0-1"]
[Termination "normal"]
[Board "15"]
[WhiteElo "1526"]
[BlackElo "1617"]
[WhiteClock "00:00:37"]
[BlackClock "00:12:56"]
[PlyCount "76"]
[WhiteFideId "34641360"]
[BlackFideId "12986232"]
[EventCountry "GER"]
[EventRounds "9"]
[EventType "swiss"]
[EventDate "2023.05.27"]

1. Nf3 {[%clk 01:30:57]} {[%emt 00:00:02]} e6 {[%clk 01:30:48]} {[%emt
00:00:12]} 2. c4 {[%clk 01:31:21]} {[%emt 00:00:07]} d5 {[%clk 01:31:11]}
{[%emt 00:00:07]} 3. e3 {[%clk 01:31:42]} {[%emt 00:00:09]} Nf6 {[%clk
01:31:29]} {[%emt 00:00:12]} 4. Nc3 {[%clk 01:31:59]} {[%emt 00:00:13]} Be7
{[%clk 01:31:46]} {[%emt 00:00:13]} 5. b3 {[%clk 01:32:00]} {[%emt 00:00:28]}
b6 {[%clk 01:32:00]} {[%emt 00:00:16]} 6. Bb2 {[%clk 01:30:52]} {[%emt
00:01:38]} O-O {[%clk 01:28:05]} {[%emt 00:04:26]} 7. Qc2 {[%clk 01:29:16]}
{[%emt 00:02:05]} Bb7 {[%clk 01:27:35]} {[%emt 00:01:01]} 8. Be2 {[%clk
01:25:54]} {[%emt 00:03:52]} c5 {[%clk 01:27:20]} {[%emt 00:00:45]} 9. Rg1
{[%clk 01:17:24]} {[%emt 00:08:59]} Nc6 {[%clk 01:24:55]} {[%emt 00:02:55]} 10.
cxd5 {[%clk 01:12:24]} {[%emt 00:05:30]} Nxd5 {[%clk 01:22:06]} {[%emt
00:03:19]} 11. Nxd5 {[%clk 00:59:24]} {[%emt 00:13:30]} Qxd5 {[%clk 01:21:16]}
{[%emt 00:01:20]} 12. g4 {[%clk 00:48:23]} {[%emt 00:11:32]} Nb4 {[%clk
01:17:37]} {[%emt 00:04:09]} 13. Qb1 {[%clk 00:45:22]} {[%emt 00:03:30]} Rfd8
{[%clk 01:16:34]} {[%emt 00:01:33]} 14. a3 {[%clk 00:41:33]} {[%emt 00:04:20]}
Nd3+ {[%clk 01:15:27]} {[%emt 00:01:36]} 15. Qxd3 {[%clk 00:39:46]} {[%emt
00:02:18]} Qxd3 {[%clk 01:15:43]} {[%emt 00:00:13]} 16. Bxd3 {[%clk 00:40:13]}
{[%emt 00:00:03]} Rxd3 {[%clk 01:15:58]} {[%emt 00:00:16]} 17. Ne5 {[%clk
00:36:45]} {[%emt 00:03:58]} Rxb3 {[%clk 01:12:10]} {[%emt 00:04:17]} 18. Bc3
{[%clk 00:31:44]} {[%emt 00:05:30]} Be4 {[%clk 00:57:23]} {[%emt 00:15:17]} 19.
f3 {[%clk 00:25:31]} {[%emt 00:06:44]} Rb1+ {[%clk 00:56:17]} {[%emt 00:01:36]}
20. Rxb1 {[%clk 00:23:14]} {[%emt 00:02:47]} Bxb1 {[%clk 00:56:41]} {[%emt
00:00:07]} 21. d3 {[%clk 00:23:40]} {[%emt 00:00:04]} Bc2 {[%clk 00:55:22]}
{[%emt 00:01:49]} 22. Ke2 {[%clk 00:21:59]} {[%emt 00:02:10]} Rc8 {[%clk
00:54:12]} {[%emt 00:01:39]} 23. g5 {[%clk 00:14:08]} {[%emt 00:08:23]} b5
{[%clk 00:47:39]} {[%emt 00:07:03]} 24. Rc1 {[%clk 00:08:49]} {[%emt 00:05:49]}
Bb3 {[%clk 00:47:38]} {[%emt 00:00:31]} 25. f4 {[%clk 00:08:37]} {[%emt
00:00:42]} c4 {[%clk 00:28:35]} {[%emt 00:19:32]} 26. dxc4 {[%clk 00:04:52]}
{[%emt 00:04:15]} Bxa3 {[%clk 00:26:10]} {[%emt 00:02:55]} 27. Ra1 {[%clk
00:01:36]} {[%emt 00:03:47]} b4 {[%clk 00:25:57]} {[%emt 00:00:43]} 28. Nd3
{[%clk 00:00:32]} {[%emt 00:01:34]} Bxc4 {[%clk 00:25:08]} {[%emt 00:01:19]}
29. Bd4 {[%clk 00:00:32]} {[%emt 00:00:30]} a5 {[%clk 00:24:59]} {[%emt
00:00:38]} 30. Kd2 {[%clk 00:00:34]} {[%emt 00:00:28]} Bxd3 {[%clk 00:16:14]}
{[%emt 00:09:15]} 31. Kxd3 {[%clk 00:01:03]} {[%emt 00:00:02]} g6 {[%clk
00:16:04]} {[%emt 00:00:39]} 32. Ra2 {[%clk 00:00:35]} {[%emt 00:00:58]} Kf8
{[%clk 00:15:01]} {[%emt 00:01:33]} 33. Rc2 {[%clk 00:00:34]} {[%emt 00:00:31]}
Rxc2 {[%clk 00:13:39]} {[%emt 00:01:53]} 34. Kxc2 {[%clk 00:01:03]} {[%emt
00:00:01]} Ke7 {[%clk 00:13:14]} {[%emt 00:00:54]} 35. Kb3 {[%clk 00:00:34]}
{[%emt 00:01:00]} Kd6 {[%clk 00:13:29]} {[%emt 00:00:15]} 36. Bb6 {[%clk
00:00:40]} {[%emt 00:00:24]} Kd5 {[%clk 00:12:52]} {[%emt 00:01:07]} 37. Bxa5
{[%clk 00:00:35]} {[%emt 00:00:34]} Ke4 {[%clk 00:13:07]} {[%emt 00:00:15]} 38.
Bb6 {[%clk 00:00:37]} {[%emt 00:00:29]} Bc1 {[%clk 00:12:56]} {[%emt 00:00:40]}
0-1

[Event "ODJM B 2023"]
[Site "Willingen GER"]
[Date "2023.06.02"]
[Round "8"]
[White "Törpel, Cedrik"]
[Black "Fock, Madiha"]
[Result "1/2-1/2"]
[Termination "normal"]
[Board "17"]
[WhiteElo "1678"]
[BlackElo "1493"]
[WhiteClock "00:09:58"]
[BlackClock "00:15:11"]
[PlyCount "65"]
[WhiteFideId "34660380"]
[BlackFideId "16253574"]
[EventCountry "GER"]
[EventRounds "9"]
[EventType "swiss"]
[EventDate "2023.05.27"]

1. e4 {[%clk 01:30:58]} {[%emt 00:00:01]} c5 {[%clk 01:30:56]} {[%emt
00:00:04]} 2. a3 {[%clk 01:31:13]} {[%emt 00:00:15]} d6 {[%clk 01:28:59]}
{[%emt 00:02:27]} 3. b4 {[%clk 01:31:36]} {[%emt 00:00:07]} Nd7 {[%clk
01:27:02]} {[%emt 00:02:27]} 4. Nf3 {[%clk 01:28:14]} {[%emt 00:03:52]} Qc7
{[%clk 01:21:54]} {[%emt 00:05:38]} 5. Bb2 {[%clk 01:22:17]} {[%emt 00:06:26]}
e6 {[%clk 01:16:49]} {[%emt 00:05:35]} 6. Bc4 {[%clk 01:18:28]} {[%emt
00:04:19]} Ngf6 {[%clk 01:12:52]} {[%emt 00:04:28]} 7. Qe2 {[%clk 01:14:52]}
{[%emt 00:04:05]} Be7 {[%clk 01:09:24]} {[%emt 00:03:58]} 8. e5 {[%clk
01:10:02]} {[%emt 00:05:21]} dxe5 {[%clk 01:08:39]} {[%emt 00:01:16]} 9. Nxe5
{[%clk 01:05:09]} {[%emt 00:05:22]} O-O {[%clk 01:03:54]} {[%emt 00:05:15]} 10.
O-O {[%clk 00:48:46]} {[%emt 00:16:53]} Nb6 {[%clk 00:57:25]} {[%emt 00:06:59]}
11. Bb3 {[%clk 00:45:29]} {[%emt 00:03:47]} Rd8 {[%clk 00:53:50]} {[%emt
00:04:05]} 12. Nc3 {[%clk 00:43:17]} {[%emt 00:02:42]} a6 {[%emt 00:04:41]} 13.
bxc5 {[%clk 00:39:04]} {[%emt 00:04:38]} Bxc5 {[%clk 00:47:25]} {[%emt
00:02:49]} 14. h4 {[%clk 00:38:17]} {[%emt 00:01:17]} Bd4 {[%clk 00:42:11]}
{[%emt 00:05:45]} 15. Ng4 {[%clk 00:37:05]} {[%emt 00:01:41]} Qf4 {[%clk
00:40:26]} {[%emt 00:02:15]} 16. Nxf6+ {[%clk 00:34:49]} {[%emt 00:02:46]} Bxf6
{[%clk 00:40:18]} {[%emt 00:00:38]} 17. g3 {[%clk 00:32:11]} {[%emt 00:03:08]}
Qxd2 {[%clk 00:38:04]} {[%emt 00:02:44]} 18. Qxd2 {[%clk 00:30:14]} {[%emt
00:02:28]} Rxd2 {[%clk 00:38:27]} {[%emt 00:00:06]} 19. Rad1 {[%clk 00:30:22]}
{[%emt 00:00:22]} Rxd1 {[%clk 00:36:52]} {[%emt 00:02:05]} 20. Rxd1 {[%clk
00:30:47]} {[%emt 00:00:05]} Bd7 {[%clk 00:36:18]} {[%emt 00:01:04]} 21. Rd6
{[%clk 00:30:28]} {[%emt 00:00:49]} Na4 {[%clk 00:33:53]} {[%emt 00:02:55]} 22.
Nxa4 {[%clk 00:24:30]} {[%emt 00:06:27]} Bxa4 {[%clk 00:32:56]} {[%emt
00:01:28]} 23. Bxf6 {[%clk 00:22:46]} {[%emt 00:02:14]} Bxb3 {[%clk 00:33:13]}
{[%emt 00:00:13]} 24. Bxg7 {[%clk 00:22:50]} {[%emt 00:00:26]} Bxc2 {[%clk
00:32:16]} {[%emt 00:01:27]} 25. Be5 {[%clk 00:22:12]} {[%emt 00:01:07]} Be4
{[%clk 00:30:01]} {[%emt 00:02:45]} 26. Kf1 {[%clk 00:21:17]} {[%emt 00:01:26]}
h5 {[%clk 00:26:40]} {[%emt 00:03:52]} 27. Ke2 {[%clk 00:21:05]} {[%emt
00:00:41]} Kh7 {[%clk 00:26:12]} {[%emt 00:00:58]} 28. Ke3 {[%clk 00:21:08]}
{[%emt 00:00:26]} Bd5 {[%clk 00:26:24]} {[%emt 00:00:19]} 29. Kf4 {[%clk
00:21:04]} {[%emt 00:00:34]} Kg6 {[%clk 00:26:39]} {[%emt 00:00:15]} 30. Rd7
{[%clk 00:16:06]} {[%emt 00:05:28]} Rc8 {[%clk 00:24:04]} {[%emt 00:03:06]} 31.
Ke3 {[%clk 00:15:11]} {[%emt 00:01:23]} Rc4 {[%clk 00:20:58]} {[%emt 00:03:37]}
32. Kd2 {[%clk 00:12:08]} {[%emt 00:03:33]} f6 {[%clk 00:15:11]} {[%emt
00:06:17]} 33. Bb2 {[%clk 00:09:58]} {[%emt 00:02:39]} 1/2-1/2

[Event "ODJM B 2023"]
[Site "Willingen GER"]
[Date "2023.06.02"]
[Round "8"]
[White "Laux, Filip"]
[Black "Hoffmann, Alexander"]
[Result "1/2-1/2"]
[Termination "normal"]
[Board "18"]
[WhiteElo "1407"]
[BlackElo "1568"]
[WhiteClock "00:09:54"]
[BlackClock "00:06:32"]
[PlyCount "78"]
[WhiteFideId "16275730"]
[BlackFideId "16240219"]
[EventCountry "GER"]
[EventRounds "9"]
[EventType "swiss"]
[EventDate "2023.05.27"]

1. e4 {[%clk 01:30:56]} {[%emt 00:00:04]} e5 {[%clk 01:30:54]} {[%emt
00:00:06]} 2. Nf3 {[%clk 01:30:59]} {[%emt 00:00:27]} Nc6 {[%clk 01:31:18]}
{[%emt 00:00:06]} 3. Bc4 {[%clk 01:31:00]} {[%emt 00:00:28]} Nf6 {[%clk
01:31:42]} {[%emt 00:00:07]} 4. d3 {[%clk 01:30:59]} {[%emt 00:00:30]} Bc5
{[%clk 01:31:56]} {[%emt 00:00:16]} 5. c3 {[%clk 01:30:50]} {[%emt 00:00:40]}
d6 {[%clk 01:32:14]} {[%emt 00:00:12]} 6. Nbd2 {[%clk 01:30:44]} {[%emt
00:00:35]} a6 {[%clk 01:32:29]} {[%emt 00:00:16]} 7. O-O {[%clk 01:30:22]}
{[%emt 00:00:52]} Ba7 {[%clk 01:31:35]} {[%emt 00:01:25]} 8. b4 {[%clk
01:29:36]} {[%emt 00:01:14]} O-O {[%clk 01:28:20]} {[%emt 00:03:45]} 9. h3
{[%clk 01:29:18]} {[%emt 00:00:49]} Be6 {[%clk 01:27:51]} {[%emt 00:00:59]} 10.
Bb3 {[%clk 01:29:27]} {[%emt 00:00:21]} Ne7 {[%clk 01:23:10]} {[%emt 00:05:11]}
11. Re1 {[%clk 01:28:21]} {[%emt 00:01:35]} Ng6 {[%clk 01:21:02]} {[%emt
00:02:39]} 12. Nf1 {[%clk 01:26:41]} {[%emt 00:02:10]} Bxb3 {[%clk 01:06:10]}
{[%emt 00:15:22]} 13. axb3 {[%clk 01:25:36]} {[%emt 00:01:35]} Nh5 {[%clk
01:02:36]} {[%emt 00:04:04]} 14. Ne3 {[%clk 01:13:50]} {[%emt 00:12:16]} Nhf4
{[%clk 01:00:32]} {[%emt 00:02:33]} 15. Nf5 {[%clk 01:11:54]} {[%emt 00:02:25]}
Qd7 {[%clk 00:54:41]} {[%emt 00:06:22]} 16. d4 {[%clk 01:06:04]} {[%emt
00:06:20]} exd4 {[%clk 00:51:56]} {[%emt 00:03:15]} 17. N3xd4 {[%clk 01:03:24]}
{[%emt 00:03:11]} Ne6 {[%clk 00:46:06]} {[%emt 00:06:19]} 18. Be3 {[%clk
00:59:04]} {[%emt 00:04:50]} Rfe8 {[%clk 00:40:45]} {[%emt 00:05:51]} 19. Nxe6
{[%clk 00:55:17]} {[%emt 00:04:18]} fxe6 {[%clk 00:40:24]} {[%emt 00:00:51]}
20. Nd4 {[%clk 00:53:48]} {[%emt 00:01:59]} Qf7 {[%clk 00:34:16]} {[%emt
00:06:37]} 21. Qf3 {[%clk 00:50:47]} {[%emt 00:03:32]} Qxf3 {[%clk 00:31:20]}
{[%emt 00:03:25]} 22. Nxf3 {[%clk 00:51:04]} {[%emt 00:00:13]} Bxe3 {[%clk
00:31:37]} {[%emt 00:00:14]} 23. Rxe3 {[%clk 00:51:24]} {[%emt 00:00:10]} e5
{[%clk 00:27:21]} {[%emt 00:04:47]} 24. g3 {[%clk 00:49:12]} {[%emt 00:02:40]}
Rf8 {[%clk 00:25:41]} {[%emt 00:02:11]} 25. Kg2 {[%clk 00:46:13]} {[%emt
00:03:29]} Ne7 {[%clk 00:24:56]} {[%emt 00:01:15]} 26. Nd2 {[%clk 00:41:48]}
{[%emt 00:04:55]} d5 {[%clk 00:20:27]} {[%emt 00:04:59]} 27. Nf3 {[%clk
00:39:03]} {[%emt 00:03:14]} Rf6 {[%clk 00:17:33]} {[%emt 00:03:25]} 28. Nxe5
{[%clk 00:28:31]} {[%emt 00:11:01]} Rd8 {[%clk 00:14:27]} {[%emt 00:03:36]} 29.
Rd1 {[%clk 00:22:33]} {[%emt 00:06:28]} Rfd6 {[%clk 00:14:28]} {[%emt
00:00:30]} 30. Nf3 {[%clk 00:20:01]} {[%emt 00:03:02]} dxe4 {[%clk 00:12:59]}
{[%emt 00:02:00]} 31. Rxd6 {[%clk 00:20:28]} {[%emt 00:00:02]} Rxd6 {[%clk
00:13:28]} {[%emt 00:00:01]} 32. Rxe4 {[%clk 00:20:32]} {[%emt 00:00:26]} Nd5
{[%clk 00:13:00]} {[%emt 00:00:58]} 33. c4 {[%clk 00:19:17]} {[%emt 00:01:45]}
Nc3 {[%clk 00:12:52]} {[%emt 00:00:37]} 34. Rd4 {[%clk 00:18:10]} {[%emt
00:01:36]} Rb6 {[%clk 00:09:39]} {[%emt 00:03:44]} 35. c5 {[%clk 00:15:36]}
{[%emt 00:03:05]} Rb5 {[%clk 00:08:58]} {[%emt 00:01:11]} 36. Ne5 {[%clk
00:15:00]} {[%emt 00:01:06]} h6 {[%clk 00:08:44]} {[%emt 00:00:44]} 37. Kf3
{[%clk 00:13:44]} {[%emt 00:01:45]} a5 {[%clk 00:08:08]} {[%emt 00:01:08]} 38.
bxa5 {[%clk 00:09:44]} {[%emt 00:04:29]} Rxb3 {[%clk 00:06:51]} {[%emt
00:01:46]} 39. Rd3 {[%clk 00:09:54]} {[%emt 00:00:20]} Nb5 {[%clk 00:06:32]}
{[%emt 00:00:50]} 1/2-1/2

[Event "ODJM B 2023"]
[Site "Willingen GER"]
[Date "2023.06.02"]
[Round "8"]
[White "Kraus, Linus"]
[Black "Sitnik, Arthur"]
[Result "1/2-1/2"]
[Termination "normal"]
[Board "21"]
[WhiteElo "1532"]
[BlackElo "1267"]
[WhiteClock "01:05:51"]
[BlackClock "00:03:17"]
[PlyCount "136"]
[WhiteFideId "34629629"]
[BlackFideId "34608150"]
[EventCountry "GER"]
[EventRounds "9"]
[EventType "swiss"]
[EventDate "2023.05.27"]

1. e4 {[%clk 01:30:48]} {[%emt 00:00:10]} e5 {[%clk 01:30:53]} {[%emt
00:00:08]} 2. Nf3 {[%clk 01:30:32]} {[%emt 00:00:46]} Nc6 {[%clk 01:31:13]}
{[%emt 00:00:10]} 3. Bc4 {[%clk 01:30:05]} {[%emt 00:00:55]} Nf6 {[%clk
01:30:49]} {[%emt 00:00:56]} 4. d3 {[%clk 01:28:55]} {[%emt 00:01:41]} Bc5
{[%clk 01:30:25]} {[%emt 00:00:52]} 5. c3 {[%clk 01:26:01]} {[%emt 00:03:24]}
d6 {[%clk 01:29:58]} {[%emt 00:00:58]} 6. Nbd2 {[%clk 01:24:40]} {[%emt
00:01:52]} h6 {[%clk 01:18:54]} {[%emt 00:11:33]} 7. h3 {[%clk 01:20:24]}
{[%emt 00:04:47]} O-O {[%clk 01:15:46]} {[%emt 00:03:37]} 8. O-O {[%clk
01:14:16]} {[%emt 00:06:38]} Be6 {[%clk 01:07:01]} {[%emt 00:09:15]} 9. Bxe6
{[%clk 01:08:54]} {[%emt 00:05:53]} fxe6 {[%clk 01:06:02]} {[%emt 00:01:28]}
10. Nb3 {[%clk 01:09:00]} {[%emt 00:00:25]} Bb6 {[%clk 01:04:25]} {[%emt
00:02:07]} 11. Qe2 {[%clk 01:06:59]} {[%emt 00:02:31]} Nh5 {[%clk 00:29:59]}
{[%emt 00:34:55]} 12. d4 {[%clk 01:00:34]} {[%emt 00:06:55]} exd4 {[%clk
00:16:25]} {[%emt 00:14:04]} 13. Nfxd4 {[%clk 00:56:59]} {[%emt 00:04:05]} Qh4
{[%clk 00:05:17]} {[%emt 00:11:38]} 14. Be3 {[%clk 00:55:12]} {[%emt 00:02:18]}
Nxd4 {[%clk 00:04:10]} {[%emt 00:01:37]} 15. Nxd4 {[%clk 00:52:31]} {[%emt
00:03:11]} Bxd4 {[%clk 00:03:16]} {[%emt 00:01:24]} 16. cxd4 {[%clk 00:52:44]}
{[%emt 00:00:16]} Nf4 {[%clk 00:02:37]} {[%emt 00:01:08]} 17. Bxf4 {[%clk
00:52:50]} {[%emt 00:00:25]} Rxf4 {[%clk 00:02:34]} {[%emt 00:00:33]} 18. Rae1
{[%clk 00:53:12]} {[%emt 00:00:09]} Raf8 {[%clk 00:02:08]} {[%emt 00:00:55]}
19. f3 {[%clk 00:51:40]} {[%emt 00:02:03]} Qg3 {[%clk 00:02:06]} {[%emt
00:00:31]} 20. Qf2 {[%clk 00:51:58]} {[%emt 00:00:12]} Rxf3 {[%clk 00:01:38]}
{[%emt 00:00:58]} 21. Qxg3 {[%clk 00:51:42]} {[%emt 00:00:46]} Rxg3 {[%clk
00:02:02]} {[%emt 00:00:06]} 22. Rxf8+ {[%clk 00:51:39]} {[%emt 00:00:33]} Kxf8
{[%clk 00:02:26]} {[%emt 00:00:06]} 23. Kf2 {[%clk 00:52:04]} {[%emt 00:00:06]}
Rd3 {[%clk 00:02:44]} {[%emt 00:00:12]} 24. Rf1 {[%clk 00:52:28]} {[%emt
00:00:06]} Ke7 {[%clk 00:02:52]} {[%emt 00:00:21]} 25. Rc1 {[%clk 00:52:27]}
{[%emt 00:00:31]} Kd8 {[%clk 00:02:43]} {[%emt 00:00:40]} 26. Rf1 {[%clk
00:52:21]} {[%emt 00:00:36]} Rd2+ {[%clk 00:02:36]} {[%emt 00:00:37]} 27. Ke3
{[%clk 00:52:42]} {[%emt 00:00:09]} Rxg2 {[%clk 00:02:38]} {[%emt 00:00:27]}
28. Rf8+ {[%clk 00:53:00]} {[%emt 00:00:12]} Ke7 {[%clk 00:02:20]} {[%emt
00:00:49]} 29. Ra8 {[%clk 00:53:21]} {[%emt 00:00:08]} a6 {[%clk 00:02:33]}
{[%emt 00:00:17]} 30. Rc8 {[%clk 00:53:43]} {[%emt 00:00:08]} Kd7 {[%clk
00:02:22]} {[%emt 00:00:42]} 31. Rf8 {[%clk 00:54:05]} {[%emt 00:00:07]} Rxb2
{[%clk 00:02:19]} {[%emt 00:00:33]} 32. Rf7+ {[%clk 00:54:31]} {[%emt
00:00:04]} Kc6 {[%clk 00:02:26]} {[%emt 00:00:24]} 33. Rxg7 {[%clk 00:54:37]}
{[%emt 00:00:23]} Rxa2 {[%clk 00:02:45]} {[%emt 00:00:11]} 34. Rg6 {[%clk
00:55:01]} {[%emt 00:00:06]} Ra3+ {[%clk 00:02:47]} {[%emt 00:00:28]} 35. Kd2
{[%clk 00:55:16]} {[%emt 00:00:15]} Rxh3 {[%clk 00:02:40]} {[%emt 00:00:37]}
36. Rxe6 {[%clk 00:55:42]} {[%emt 00:00:04]} Rh1 {[%clk 00:02:14]} {[%emt
00:00:56]} 37. Re8 {[%clk 00:56:03]} {[%emt 00:00:10]} Rh5 {[%clk 00:01:31]}
{[%emt 00:01:13]} 38. Rh8 {[%clk 00:56:11]} {[%emt 00:00:21]} a5 {[%clk
00:01:24]} {[%emt 00:00:38]} 39. Ra8 {[%clk 00:56:25]} {[%emt 00:00:16]} b6
{[%clk 00:01:16]} {[%emt 00:00:37]} 40. Kc3 {[%clk 00:56:41]} {[%emt 00:00:14]}
Rh3+ {[%clk 00:01:03]} {[%emt 00:00:43]} 41. Kc2 {[%clk 00:56:56]} {[%emt
00:00:15]} h5 {[%clk 00:00:50]} {[%emt 00:00:43]} 42. Rh8 {[%clk 00:57:01]}
{[%emt 00:00:23]} a4 {[%clk 00:00:51]} {[%emt 00:00:31]} 43. Ra8 {[%clk
00:57:19]} {[%emt 00:00:11]} a3 {[%clk 00:01:10]} {[%emt 00:00:12]} 44. Kc1
{[%clk 00:57:39]} {[%emt 00:00:10]} h4 {[%clk 00:01:02]} {[%emt 00:00:38]} 45.
d5+ {[%clk 00:58:02]} {[%emt 00:00:07]} Kb7 {[%clk 00:01:14]} {[%emt 00:00:18]}
46. Ra4 {[%clk 00:58:26]} {[%emt 00:00:07]} b5 {[%clk 00:01:00]} {[%emt
00:00:44]} 47. Ra5 {[%clk 00:58:50]} {[%emt 00:00:05]} c6 {[%clk 00:00:48]}
{[%emt 00:00:42]} 48. dxc6+ {[%clk 00:59:14]} {[%emt 00:00:06]} Kxc6 {[%clk
00:01:03]} {[%emt 00:00:15]} 49. Ra6+ {[%clk 00:59:36]} {[%emt 00:00:08]} Kc5
{[%clk 00:01:14]} {[%emt 00:00:19]} 50. Ra8 {[%clk 01:00:00]} {[%emt 00:00:06]}
Rc3+ {[%clk 00:01:18]} {[%emt 00:00:26]} 51. Kd2 {[%clk 01:00:25]} {[%emt
00:00:05]} Kb4 {[%clk 00:01:23]} {[%emt 00:00:26]} 52. Ra6 {[%clk 01:00:39]}
{[%emt 00:00:16]} Rc5 {[%clk 00:01:10]} {[%emt 00:00:42]} 53. Rxd6 {[%clk
01:00:48]} {[%emt 00:00:21]} h3 {[%clk 00:00:59]} {[%emt 00:00:41]} 54. Ke3
{[%clk 01:00:51]} {[%emt 00:00:27]} a2 {[%clk 00:01:00]} {[%emt 00:00:30]} 55.
Rd1 {[%clk 01:01:16]} {[%emt 00:00:04]} Kb3 {[%clk 00:00:53]} {[%emt 00:00:38]}
56. Kd3 {[%clk 01:01:36]} {[%emt 00:00:09]} Rc8 {[%clk 00:00:48]} {[%emt
00:00:35]} 57. Ke3 {[%clk 01:01:56]} {[%emt 00:00:10]} Kb2 {[%clk 00:00:57]}
{[%emt 00:00:22]} 58. Rd2+ {[%clk 01:02:17]} {[%emt 00:00:09]} Rc2 {[%clk
00:01:12]} {[%emt 00:00:15]} 59. Rd1 {[%clk 01:02:21]} {[%emt 00:00:25]} a1=Q
{[%clk 00:01:12]} {[%emt 00:00:29]} 60. Rxa1 {[%clk 01:02:45]} {[%emt
00:00:08]} Kxa1 {[%clk 00:01:36]} {[%emt 00:00:06]} 61. e5 {[%clk 01:03:01]}
{[%emt 00:00:13]} h2 {[%clk 00:01:50]} {[%emt 00:00:16]} 62. e6 {[%clk
01:03:28]} {[%emt 00:00:04]} Rc8 {[%clk 00:02:13]} {[%emt 00:00:07]} 63. e7
{[%clk 01:03:54]} {[%emt 00:00:04]} Re8 {[%clk 00:02:33]} {[%emt 00:00:09]} 64.
Kf2 {[%clk 01:04:19]} {[%emt 00:00:05]} h1=Q {[%clk 00:02:46]} {[%emt
00:00:17]} 65. Kg3 {[%clk 01:04:44]} {[%emt 00:00:05]} Rxe7 {[%clk 00:02:58]}
{[%emt 00:00:18]} 66. Kf2 {[%clk 01:05:08]} {[%emt 00:00:06]} Qe4 {[%clk
00:03:09]} {[%emt 00:00:19]} 67. Kg3 {[%clk 01:05:28]} {[%emt 00:00:11]} Qf5
{[%clk 00:03:17]} {[%emt 00:00:22]} 68. Kh4 {[%clk 01:05:51]} {[%emt 00:00:06]}
Rg7 {[%clk 00:03:17]} {[%emt 00:00:30]} 1/2-1/2

[Event "ODJM B 2023"]
[Site "Willingen GER"]
[Date "2023.06.02"]
[Round "8"]
[White "Loßin, Charlotte"]
[Black "Kutz, Ida Klara"]
[Result "0-1"]
[Termination "normal"]
[Board "22"]
[WhiteElo "1518"]
[BlackElo "1411"]
[WhiteClock "00:01:12"]
[BlackClock "00:05:02"]
[PlyCount "70"]
[WhiteFideId "16218345"]
[BlackFideId "16296257"]
[EventCountry "GER"]
[EventRounds "9"]
[EventType "swiss"]
[EventDate "2023.05.27"]

1. d4 {[%clk 01:30:59]} {[%emt 00:00:01]} Nf6 {[%clk 01:30:45]} {[%emt
00:00:15]} 2. Nf3 {[%clk 01:31:18]} {[%emt 00:00:10]} g6 {[%clk 01:30:41]}
{[%emt 00:00:35]} 3. c4 {[%clk 01:31:41]} {[%emt 00:00:06]} Bg7 {[%clk
01:30:12]} {[%emt 00:00:59]} 4. Nc3 {[%clk 01:31:47]} {[%emt 00:00:25]} O-O
{[%clk 01:29:53]} {[%emt 00:00:48]} 5. e4 {[%clk 01:31:58]} {[%emt 00:00:20]}
d6 {[%clk 01:30:08]} {[%emt 00:00:16]} 6. Be3 {[%clk 01:31:54]} {[%emt
00:00:34]} Re8 {[%clk 01:29:09]} {[%emt 00:01:29]} 7. Qd2 {[%clk 01:31:55]}
{[%emt 00:00:28]} Bd7 {[%clk 01:28:26]} {[%emt 00:01:13]} 8. Bh6 {[%clk
01:31:59]} {[%emt 00:00:26]} c5 {[%clk 01:27:36]} {[%emt 00:01:20]} 9. d5
{[%clk 01:32:13]} {[%emt 00:00:16]} e6 {[%clk 01:26:40]} {[%emt 00:01:26]} 10.
Bxg7 {[%clk 01:25:22]} {[%emt 00:07:21]} Kxg7 {[%clk 01:25:34]} {[%emt
00:01:36]} 11. Bd3 {[%clk 01:25:21]} {[%emt 00:00:30]} exd5 {[%clk 01:24:03]}
{[%emt 00:02:01]} 12. cxd5 {[%clk 01:25:21]} {[%emt 00:00:30]} Bf5 {[%clk
01:22:09]} {[%emt 00:02:25]} 13. Qf4 {[%clk 01:19:46]} {[%emt 00:06:05]} Nbd7
{[%clk 01:16:19]} {[%emt 00:06:20]} 14. O-O {[%clk 01:19:11]} {[%emt 00:01:05]}
Bg4 {[%clk 01:14:48]} {[%emt 00:02:01]} 15. Rfe1 {[%clk 01:09:59]} {[%emt
00:09:42]} Ne5 {[%clk 01:10:50]} {[%emt 00:04:27]} 16. Nxe5 {[%clk 01:06:35]}
{[%emt 00:03:54]} Rxe5 {[%clk 01:08:42]} {[%emt 00:02:39]} 17. f3 {[%clk
00:59:18]} {[%emt 00:07:47]} Bd7 {[%clk 01:06:51]} {[%emt 00:02:21]} 18. Qh4
{[%clk 00:47:25]} {[%emt 00:12:23]} Rh5 {[%clk 00:51:17]} {[%emt 00:16:04]} 19.
Qf2 {[%clk 00:44:57]} {[%emt 00:02:58]} Qe7 {[%clk 00:39:20]} {[%emt 00:12:28]}
20. g4 {[%clk 00:31:30]} {[%emt 00:13:56]} Bxg4 {[%clk 00:34:39]} {[%emt
00:05:12]} 21. fxg4 {[%clk 00:31:15]} {[%emt 00:00:44]} Nxg4 {[%clk 00:35:00]}
{[%emt 00:00:08]} 22. Qf4 {[%clk 00:17:32]} {[%emt 00:14:14]} Ne5 {[%clk
00:25:41]} {[%emt 00:09:49]} 23. Bf1 {[%clk 00:15:29]} {[%emt 00:02:32]} Rh4
{[%clk 00:20:43]} {[%emt 00:05:29]} 24. Qe3 {[%clk 00:09:17]} {[%emt 00:06:42]}
Qf6 {[%clk 00:11:30]} {[%emt 00:09:42]} 25. Bg2 {[%clk 00:07:27]} {[%emt
00:02:21]} Ng4 {[%clk 00:09:40]} {[%emt 00:02:20]} 26. Qf3 {[%clk 00:07:11]}
{[%emt 00:00:45]} Qd4+ {[%clk 00:09:33]} {[%emt 00:00:38]} 27. Re3 {[%clk
00:03:59]} {[%emt 00:03:41]} Qxe3+ {[%clk 00:09:10]} {[%emt 00:00:53]} 28. Qxe3
{[%clk 00:03:25]} {[%emt 00:01:05]} Nxe3 {[%clk 00:09:33]} {[%emt 00:00:07]}
29. Kf2 {[%clk 00:03:11]} {[%emt 00:00:43]} Nxg2 {[%clk 00:09:04]} {[%emt
00:01:00]} 30. Kxg2 {[%clk 00:03:31]} {[%emt 00:00:09]} a6 {[%clk 00:09:13]}
{[%emt 00:00:22]} 31. Re1 {[%clk 00:03:09]} {[%emt 00:00:51]} Re8 {[%clk
00:07:57]} {[%emt 00:01:46]} 32. Re2 {[%clk 00:01:41]} {[%emt 00:01:59]} b5
{[%clk 00:07:08]} {[%emt 00:01:19]} 33. Kf3 {[%clk 00:01:46]} {[%emt 00:00:24]}
b4 {[%clk 00:05:45]} {[%emt 00:01:54]} 34. Na4 {[%clk 00:01:53]} {[%emt
00:00:24]} f5 {[%clk 00:05:31]} {[%emt 00:00:43]} 35. Kg3 {[%clk 00:01:12]}
{[%emt 00:01:12]} Rhxe4 {[%clk 00:05:02]} {[%emt 00:00:58]} 0-1